Представление документа в формате RUSMARC

ПолеНазваниеЗначение
  Тип записи c
  Библиографический уровень c
001 Контрольный номер RU/SLIB/B/208787664
005 Дата корректировки 20250908152145.6
010 Индекс ISBN __
d Цена 100-00
101 Язык документа 0_
a Язык текста rus
200 Заглавие и сведения об ответственности 1_
a Заглавие Лесная песня
e Сведения, относящиеся к заглавию хоры
f Первые сведения об ответственности сост. Я. Дубравин ; под ред. Е. Адлера
b Общее обозначение материала Ноты
210 Выходные данные 1_
a Место издания М.
c Издательство Музыка
d Дата издания 1971
215 Физическое описание __
a Объем 34 с.
c Иллюстрации/тип воспроизводства нот. ил.
606 Тематические рубрики __
a Основная рубрика Музыка и зрелищные искусства
606 Тематические рубрики __
a Основная рубрика Вокальная музыка
610 Ключевые слова 0_
a Ключевые слова нотные издания; песни; патриотические песни
686 Индексы других классификаций __
a Классификационный индекс 85.941
702 Вторичная интеллектуальная ответственность _1
a Фамилия Адлер
b Имя Е.
4 Код отношения Редактор
4 Код отношения 340
702 Вторичная интеллектуальная ответственность _1
a Фамилия Дубравин
b Имя Я.
4 Код отношения Составитель
4 Код отношения 220
801 Источник записи _0
a Страна RU
b Организация Муниципальное бюджетное учреждение культуры "Централизованная библиотечная система" г. Сургут (Центральная городская библиотека им. А. С. Пушкина)
g Правила каталогизации КиК/Лебедева
801 Источник записи _1
a Страна RU
b Организация Муниципальное бюджетное учреждение культуры "Централизованная библиотечная система" г. Сургут (Центральная городская библиотека им. А. С. Пушкина)
g Правила каталогизации КиК/Лебедева
852 Данные о местонахождении __
j Шифр хранения 85.941
c Каталожный индекс 85.941
i Авторский знак Л 50
p Инвентарный номер Б/Н
901 Тип документа __
t Тип документа x
903 Характеристики (МАРС) __
a Дата передачи 20060506
969 Тип издания __
a Тип издания сборник
990 Данные о заказе (DOS) __
j Количество экземпляров (DOS) 1
t N записи в КСУ для И/У (DOS) ретро